De goede smokkelaar. (Record no. 2658)
[ view plain ]
| 000 -LEADER | |
|---|---|
| fixed length control field | 00561cam a22002051 4500 |
| 001 - CONTROL NUMBER | |
| control field | af 47004468 |
| 003 - CONTROL NUMBER IDENTIFIER | |
| control field | DLC |
| 005 - DATE AND TIME OF LATEST TRANSACTION | |
| control field | 20260227110826.0 |
| 008 - FIXED-LENGTH DATA ELEMENTS--GENERAL INFORMATION | |
| fixed length control field | 890424s1945 be a 000 1 dut c |
| 010 ## - LIBRARY OF CONGRESS CONTROL NUMBER | |
| LC control number | af 47004468 |
| 035 ## - SYSTEM CONTROL NUMBER | |
| System control number | (OCoLC)19591975 |
| 040 ## - CATALOGING SOURCE | |
| Original cataloging agency | New York. Public Library |
| Transcribing agency | CU |
| Modifying agency | CU |
| -- | DLC |
| 042 ## - AUTHENTICATION CODE | |
| Authentication code | premarc |
| 050 00 - LIBRARY OF CONGRESS CALL NUMBER | |
| Classification number | PT6460.W3 |
| Item number | G6 |
| 100 1# - MAIN ENTRY--PERSONAL NAME | |
| Personal name | Walschap, Gerard, |
| Dates associated with a name | 1898- |
| 245 13 - TITLE STATEMENT | |
| Title | De goede smokkelaar. |
| 260 ## - PUBLICATION, DISTRIBUTION, ETC. | |
| Place of publication, distribution, etc. | [Antwerpen, |
| Name of publisher, distributor, etc. | De Pen, |
| Date of publication, distribution, etc. | 1945] |
| 300 ## - PHYSICAL DESCRIPTION | |
| Extent | 1 p. l., [5]-75 p., 1 l. |
| Other physical details | illus. |
| Dimensions | 24 x 18 cm. |
| 440 #0 - SERIES STATEMENT/ADDED ENTRY--TITLE | |
| Title | Hellas, |
| Volume/sequential designation | boek 1 |
No items available.